MDQL
is popping MORE tags! Check the
thread
!
Quizzes
Events
Quiz Creation
Community
Videos
Private Events
Remove Ads
Sign In
Join for FREE
Feedback
Dark Mode
Quiz Categories
Sports
Geography
Music
Movies
Television
Just For Fun
Miscellaneous
History
Literature
Language
Science
Gaming
Entertainment
Religion
Holiday
For Kids
Quiz Lab
Recent
Popular Today
Quiz Kudos Today
Editor Picks
Curator Picks
Quizzes by...
Day
Popularity
Type
Ratings
Length
Year
Community
Subscriptions
Recent Discussions
Orange Saloon
Badges
Playlists
Quests
Create
Leaderboards
Showdown
Live 5
Trivia Bingo
Activity
Puzzle Library
Sporcle Events
Private Events
Virtual Trivia
Globe League
Become a Host
Pub Owners
SporcleCon
Opinionation
Our Games
Videos
Blog
Mobile Apps
Partnerships
Remove Ads and Go Orange
Feedback
Sports
Athletes
MLB
NBA
NHL
NFL
Soccer
Sports Teams
WWE
NCAA
Football
Premier League
Basketball
Baseball
Hockey
Golf
Tennis
Cricket
Rugby
Auto Racing
Olympics
World Cup
Sports
Athletes
MLB
NBA
NHL
NFL
Soccer
Sports Teams
WWE
NCAA
Football
Premier League
Basketball
Baseball
Hockey
Golf
Tennis
Cricket
Rugby
Auto Racing
Olympics
World Cup
Random Quiz
Search Sporcle
×
Quiz Lab
Quiz Lab
Sports
NBA
Type in answers that appear in a list
Type in answers that appear in a list
Classic
Best Score? Go Orange.
Highest Scoring NBA Players to Never Go to the Finals Stats
Can you name the Highest Scoring NBA Players to Never Go to the Finals?
By
Drewbear
12m
27 Questions
3,335 Plays
3,335 Plays
3,335 Plays
Comments
Comments
Give Quiz Kudos
Give Quiz Kudos
-
- Ratings
hide this ad
More Info
Replay
Link that replays current quiz
Next Quiz
Link to next quiz in quiz playlist
You Got
0%
They Got
Avg Score
31%
Avg Friend Score
Upgrade to see
Score Distribution
Jump to the score distribution portion of the page
Score
0/27
Timer
12:00
0
Plays Today
Points (overall rank)
Player
% Correct
26668 (15)
Dominique Wilkins
60.4%
17387 (91)
Steve Nash
56.3%
28289 (9)
Carmelo Anthony
53.3%
25728 (20)
Vince Carter
52.3%
19202 (61)
Eddie Johnson
48.1%
25613 (21)
Alex English
47.7%
20407 (48)
Joe Johnson
47%
19376 (59)*
Damian Lillard
45.8%
17182 (98)
Chris Webber
40.1%
21685 (39)*
DeMar DeRozan
39.2%
20708 (45)
George Gervin
34.8%
20042 (50)
Antawn Jamison
34.8%
18578 (70)
Zach Randolph
32.7%
17231 (96)
Jeff Malone
32.1%
Points (overall rank)
Player
% Correct
19655 (52)
Bernard King
29.8%
17137 (99)
Grant Hill
28.6%
19521 (54)
Walter Davis
27.2%
20558 (46)
LaMarcus Aldridge
22.9%
19419 (58)
Jamal Crawford
22.1%
19004 (64)
Dale Ellis
19.2%
20941 (41)
Walt Bellamy
18.9%
19460 (57)
Terry Cummings
17.7%
19248 (60)
Bob Lanier
17.1%
17642 (86)*
Rudy Gay
17.1%
18327 (77)
Dave Bing
15.8%
19015 (63)
Reggie Theus
10.9%
17940 (80)
Lou Hudson
8.4%
Quiz Playlist
Details
Report
Send in Message
Add To Playlist
More Info:
Of the top 100 scorers in NBA history, 27 of them have never made a Finals appearance. * Indicates the player is still active.
Classic:
Type in answers that appear in a list
Quiz Source
Last Updated: Apr 25, 2022
Quiz Scoreboard
CHALLENGE
Sign Up to Join the Scoreboard
Show All
Scores
Hide
Comments
May contain spoilers
Recently Published
Street Fighter Characters
by Artimus82
Gaming
60s
9x9 Crossword: Cartoon Network
by jackfrog10
Miscellaneous
3m
College Basketball Coaching Resumes
by pancakes188
Sports
9m
More to Explore
Quiz From the Vault
Featured Blog Post
Where Did the Easter Bunny Come From?
hide this ad
You Might Also Like...
Tags
Basketball Quiz
NBA Quiz
closest
final
highest
Highest Scoring
NBA Player
Never
Overall
Player
point
Scoring
Today's Top Quizzes in Sports
Browse Sports
hide this ad
Today's Top Quizzes in NBA
Browse NBA
Top Contributed Quizzes in Sports
1
2022 World Cup Stars
2
Les meilleurs buteurs des matchs entre le PSG et l’OM
3
FIFA Club World Cup Champions
4
Les entraîneurs de l'OM et du PSG au 21e siècle
5
Criteria MLB: Left Handed Sluggers
6
2023 MLB Unique Player Accomplishments
7
AFC Teams Reveal (Wrong Answers Minefield)
8
5-to-1: FBS Animal Nicknames
9
Players with Multiple 50 Home Run Seasons
10
5-to-1: UK Sports Teams
Explore More
Trending Topics
Marvel
Anime
Kpop
NBA
Crossword
Harry Potter
Disney
Country
Song
The Office
WWE
Puzzle
NFL
Soccer
Pokémon
hide this ad
More By:
Drewbear
Quiz
Plays
Rating
Category
Featured
Created
NBA: Last Five Drafted From Big 12 Schools
270
Sports
Feb 22, 2013
NBA: Best Percentage on Corner 3's 1996-2014
7,937
4.67
Sports
Jan 21, 2014
Highest Scoring NBA Players to Switch Teams by Year
7,038
4.83
Sports
Aug 4, 2015
Los Angeles Lakers Top 5 PPG by Year since 1962-63
6,446
4.86
Sports
Nov 14, 2012
NBA 20 PPG Only Once
6,174
4.60
Sports
Dec 16, 2013
Top 5 PPG NBA Per Year, Missed Playoffs
5,924
4.74
Sports
Jul 1, 2013
Go to Creator's Profile
Score Distribution
Quiz Creator Spotlight
Drewbear
Follow
Send a Message
Quizzes Created
-
Created Quiz Play Count
-
More By This Creator
Popular Quizzes Today
1
Find the US States - No Outlines Minefield
2
Find the Countries of Europe - No Outlines Minefield
3
The Countries of the World
4
Find the US States
5
Risky Map Clicking: Biggest States A-Z
6
US States
7
Popular People in 1961
8
Movies - When Are They Set?
More Sports Quizzes
Team USA Basketball Teams (1992-2016)
Curator's Pick
Trending Quizzes
Risky Map Clicking: Least Populous States A-Z
Countries of the World: 200 Million BC
1-10 Letter G Words
Risky Map Clicking: Next State Alphabetically
Adjectives in 80s TV Shows
Recently Updated
Leaping Animals
pecheneg
Reality TV Shows (A-Z)
bhenderson79
Rickey Henderson's Hall of Fame Teammates
pecheneg
Champions League XIs: Arsenal
pecheneg
Quick Pick: Celebrities in WWE's Hall of Fame
aduchscher
A-Z Keypad Blitz II
pecheneg
Multiple Oscar Actors
pecheneg
Mystery Phrase Blitz: Oscar 'Best Actors'
pecheneg
F. Scott Fitzgerald Novels
LTH
Pick 3 Villains
ddd62291
Trending Topics
Anime
Marvel
Crossword
Harry Potter
Disney
NBA
Kpop
Country
WWE
NFL
Song
The Office
Pokémon
Soccer
Puzzle
Your Account Isn't Verified!
In order to create a playlist on Sporcle, you need to verify the email address you used during registration. Go to your
Sporcle Settings
to finish the process.
Report this User
Report this user for behavior that violates our
Community Guidelines
.
Details:
Send Report
Go to the Sporcle.com Mobile Site →
Comments